000
00178 a2200097 4500
020
_a
9780060083861
041
_a
eng
100
_a
Perez Brown, Maria
245
_a
Mama
942
_c
BK
999
_c
7683
_d
7683